[Event "ODJM A 2024"]
[Site "Willingen GER"]
[Date "2024.05.23"]
[Round "7"]
[White "Stiehler, Daniel"]
[Black "Klahold, Rona"]
[Result "1-0"]
[Termination "normal"]
[Board "32"]
[WhiteElo "1923"]
[BlackElo "1779"]
[WhiteClock "00:33:49"]
[BlackClock "00:04:46"]
[PlyCount "147"]
[WhiteFideId "34604863"]
[BlackFideId "16222970"]
[EventCountry "GER"]
[EventRounds "9"]
[EventType "swiss"]
[EventDate "2024.05.18"]

1. e4 {[%clk 01:30:58]} {[%emt 00:00:02]} e6 {[%clk 01:30:49]} {[%emt
00:00:22]} 2. d3 {[%clk 01:30:15]} {[%emt 00:01:12]} d5 {[%clk 01:30:32]}
{[%emt 00:00:36]} 3. Nd2 {[%clk 01:30:37]} {[%emt 00:00:06]} Bc5 {[%clk
01:30:50]} {[%emt 00:00:13]} 4. Ngf3 {[%clk 01:30:53]} {[%emt 00:00:14]} Nf6
{[%clk 01:30:58]} {[%emt 00:00:22]} 5. Be2 {[%clk 01:31:13]} {[%emt 00:00:10]}
dxe4 {[%clk 01:31:03]} {[%emt 00:00:25]} 6. dxe4 {[%clk 01:31:22]} {[%emt
00:00:21]} e5 {[%clk 01:27:17]} {[%emt 00:04:16]} 7. O-O {[%clk 01:30:03]}
{[%emt 00:01:48]} Qe7 {[%clk 01:22:53]} {[%emt 00:04:54]} 8. c3 {[%clk
01:27:14]} {[%emt 00:03:19]} O-O {[%clk 01:19:52]} {[%emt 00:03:31]} 9. Qc2
{[%clk 01:26:18]} {[%emt 00:01:27]} Nbd7 {[%clk 01:12:39]} {[%emt 00:07:42]}
10. b4 {[%clk 01:22:06]} {[%emt 00:04:42]} Bd6 {[%clk 01:11:58]} {[%emt
00:01:11]} 11. Nc4 {[%clk 01:21:09]} {[%emt 00:01:26]} Rd8 {[%clk 01:07:14]}
{[%emt 00:05:15]} 12. Nxd6 {[%clk 01:18:31]} {[%emt 00:03:09]} cxd6 {[%clk
01:01:27]} {[%emt 00:06:17]} 13. Bg5 {[%clk 01:16:47]} {[%emt 00:02:13]} h6
{[%clk 01:00:49]} {[%emt 00:01:08]} 14. Bh4 {[%clk 01:16:57]} {[%emt 00:00:20]}
g5 {[%clk 00:57:54]} {[%emt 00:03:27]} 15. Bg3 {[%clk 01:16:52]} {[%emt
00:00:34]} Nh5 {[%clk 00:55:34]} {[%emt 00:02:50]} 16. Nd2 {[%emt 00:02:41]}
Nf4 {[%clk 00:52:09]} {[%emt 00:03:52]} 17. Nc4 {[%clk 01:06:09]} {[%emt
00:09:04]} Nxe2+ {[%clk 00:46:24]} {[%emt 00:06:16]} 18. Qxe2 {[%clk 01:06:32]}
{[%emt 00:00:07]} Nf6 {[%clk 00:46:06]} {[%emt 00:00:48]} 19. Rad1 {[%clk
01:04:42]} {[%emt 00:02:18]} Be6 {[%clk 00:41:25]} {[%emt 00:05:13]} 20. Nb2
{[%clk 01:00:11]} {[%emt 00:04:59]} Bxa2 {[%clk 00:31:58]} {[%emt 00:09:58]}
21. c4 {[%clk 00:57:26]} {[%emt 00:03:16]} b5 {[%clk 00:31:42]} {[%emt
00:00:46]} 22. Ra1 {[%clk 00:55:51]} {[%emt 00:02:04]} Bxc4 {[%clk 00:31:25]}
{[%emt 00:00:48]} 23. Nxc4 {[%clk 00:56:11]} {[%emt 00:00:10]} bxc4 {[%clk
00:31:54]} {[%emt 00:00:02]} 24. Qxc4 {[%clk 00:56:00]} {[%emt 00:00:41]} Rdc8
{[%clk 00:30:19]} {[%emt 00:02:05]} 25. Qd3 {[%clk 00:55:32]} {[%emt 00:00:56]}
Rab8 {[%clk 00:27:30]} {[%emt 00:03:20]} 26. b5 {[%clk 00:53:55]} {[%emt
00:02:07]} Rc5 {[%clk 00:23:43]} {[%emt 00:04:17]} 27. Rfb1 {[%clk 00:53:20]}
{[%emt 00:01:05]} Qd7 {[%clk 00:20:36]} {[%emt 00:03:37]} 28. Ra5 {[%clk
00:51:51]} {[%emt 00:01:57]} Rb6 {[%clk 00:17:33]} {[%emt 00:03:36]} 29. f3
{[%clk 00:50:27]} {[%emt 00:01:53]} Rb7 {[%clk 00:14:04]} {[%emt 00:03:59]} 30.
Bf2 {[%clk 00:50:16]} {[%emt 00:00:41]} Rcc7 {[%clk 00:13:42]} {[%emt
00:00:53]} 31. Ra6 {[%clk 00:47:03]} {[%emt 00:03:42]} Ne8 {[%clk 00:13:22]}
{[%emt 00:00:50]} 32. h3 {[%clk 00:44:59]} {[%emt 00:02:34]} Qc8 {[%clk
00:11:57]} {[%emt 00:01:55]} 33. Rb2 {[%clk 00:41:27]} {[%emt 00:04:01]} Rc3
{[%clk 00:11:51]} {[%emt 00:00:37]} 34. Qe2 {[%clk 00:41:32]} {[%emt 00:00:24]}
Rcc7 {[%clk 00:10:10]} {[%emt 00:02:11]} 35. Rba2 {[%clk 00:40:58]} {[%emt
00:01:04]} Qd7 {[%clk 00:09:16]} {[%emt 00:01:24]} 36. R2a5 {[%clk 00:40:45]}
{[%emt 00:00:43]} Rc1+ {[%clk 00:07:55]} {[%emt 00:01:52]} 37. Kh2 {[%clk
00:41:00]} {[%emt 00:00:14]} Nc7 {[%clk 00:05:42]} {[%emt 00:02:43]} 38. Rxa7
{[%clk 00:40:48]} {[%emt 00:00:42]} Rxa7 {[%clk 00:06:03]} {[%emt 00:00:10]}
39. Bxa7 {[%clk 00:40:15]} {[%emt 00:01:03]} Ne6 {[%clk 00:05:04]} {[%emt
00:01:28]} 40. b6 {[%clk 00:36:16]} {[%emt 00:04:29]} Nf4 {[%clk 00:04:10]}
{[%emt 00:01:24]} 41. Qd2 {[%clk 00:32:38]} {[%emt 00:04:05]} Rb1 {[%clk
00:01:18]} {[%emt 00:03:25]} 42. Qc3 {[%clk 00:17:56]} {[%emt 00:15:12]} Ne6
{[%clk 00:30:08]} {[%emt 00:01:39]} 43. Ra1 {[%clk 00:46:58]} {[%emt 00:01:27]}
Rxa1 {[%clk 00:23:52]} {[%emt 00:06:46]} 44. Qxa1 {[%clk 00:46:55]} {[%emt
00:00:34]} Nc5 {[%clk 00:23:38]} {[%emt 00:00:44]} 45. Bb8 {[%clk 00:43:55]}
{[%emt 00:03:28]} Nb7 {[%clk 00:22:53]} {[%emt 00:01:17]} 46. Qc3 {[%clk
00:42:55]} {[%emt 00:01:28]} Nc5 {[%clk 00:22:16]} {[%emt 00:01:09]} 47. Qa5
{[%clk 00:42:28]} {[%emt 00:00:54]} Nb7 {[%clk 00:20:34]} {[%emt 00:02:14]} 48.
Qd5 {[%clk 00:42:49]} {[%emt 00:00:09]} Kg7 {[%clk 00:17:39]} {[%emt 00:03:26]}
49. Bc7 {[%clk 00:42:47]} {[%emt 00:00:31]} Qc8 {[%clk 00:17:38]} {[%emt
00:00:31]} 50. Bxd6 {[%clk 00:42:29]} {[%emt 00:00:48]} f6 {[%clk 00:17:42]}
{[%emt 00:00:26]} 51. Bc7 {[%clk 00:42:07]} {[%emt 00:00:53]} Kf8 {[%clk
00:16:56]} {[%emt 00:01:17]} 52. Kg3 {[%clk 00:40:29]} {[%emt 00:02:05]} Kg7
{[%clk 00:14:33]} {[%emt 00:02:55]} 53. Qa2 {[%clk 00:38:39]} {[%emt 00:02:16]}
Kf8 {[%clk 00:11:57]} {[%emt 00:03:09]} 54. Qa3+ {[%clk 00:38:18]} {[%emt
00:00:51]} Kf7 {[%clk 00:12:08]} {[%emt 00:00:19]} 55. Qa7 {[%clk 00:38:20]}
{[%emt 00:00:29]} Kg7 {[%clk 00:11:15]} {[%emt 00:01:22]} 56. Qb8 {[%clk
00:38:11]} {[%emt 00:00:36]} Qxb8 {[%clk 00:11:02]} {[%emt 00:00:46]} 57. Bxb8
{[%clk 00:38:39]} {[%emt 00:00:03]} Kf7 {[%clk 00:10:26]} {[%emt 00:01:06]} 58.
h4 {[%clk 00:38:36]} {[%emt 00:00:33]} Kg7 {[%clk 00:09:46]} {[%emt 00:01:10]}
59. Kg4 {[%clk 00:36:38]} {[%emt 00:02:27]} Kg6 {[%clk 00:08:44]} {[%emt
00:01:32]} 60. h5+ {[%clk 00:34:34]} {[%emt 00:02:35]} Kg7 {[%clk 00:08:25]}
{[%emt 00:00:49]} 61. Kf5 {[%clk 00:34:43]} {[%emt 00:00:20]} Kf7 {[%clk
00:08:53]} {[%emt 00:00:02]} 62. Bc7 {[%clk 00:34:48]} {[%emt 00:00:26]} Na5
{[%clk 00:06:55]} {[%emt 00:02:27]} 63. Bd8 {[%clk 00:34:42]} {[%emt 00:00:37]}
Nc4 {[%clk 00:07:07]} {[%emt 00:00:18]} 64. Bxf6 {[%clk 00:34:36]} {[%emt
00:00:35]} Nxb6 {[%clk 00:06:55]} {[%emt 00:00:43]} 65. Bxe5 {[%clk 00:34:40]}
{[%emt 00:00:26]} Nd7 {[%clk 00:05:43]} {[%emt 00:01:42]} 66. Bd6 {[%clk
00:32:46]} {[%emt 00:02:24]} Nf6 {[%clk 00:05:51]} {[%emt 00:00:22]} 67. e5
{[%clk 00:31:44]} {[%emt 00:01:32]} Ne8 {[%clk 00:03:03]} {[%emt 00:03:18]} 68.
e6+ {[%clk 00:31:57]} {[%emt 00:00:17]} Kg7 {[%clk 00:03:27]} {[%emt 00:00:06]}
69. Be5+ {[%clk 00:32:04]} {[%emt 00:00:23]} Kh7 {[%clk 00:03:47]} {[%emt
00:00:11]} 70. g4 {[%clk 00:32:12]} {[%emt 00:00:22]} Ng7+ {[%clk 00:03:42]}
{[%emt 00:00:35]} 71. Bxg7 {[%clk 00:32:34]} {[%emt 00:00:08]} Kxg7 {[%clk
00:04:10]} {[%emt 00:00:01]} 72. Ke5 {[%clk 00:33:02]} {[%emt 00:00:02]} Kf8
{[%clk 00:04:27]} {[%emt 00:00:13]} 73. Kd6 {[%clk 00:33:26]} {[%emt 00:00:07]}
Ke8 {[%clk 00:04:46]} {[%emt 00:00:11]} 74. e7 {[%clk 00:33:49]} {[%emt
00:00:06]} 1-0

[Event "ODJM A 2024"]
[Site "Willingen GER"]
[Date "2024.05.23"]
[Round "7"]
[White "Hoffmann, Alexander"]
[Black "Andresen, Marc"]
[Result "1/2-1/2"]
[Termination "normal"]
[Board "33"]
[WhiteElo "1901"]
[BlackElo "1879"]
[WhiteClock "00:26:09"]
[BlackClock "00:14:14"]
[PlyCount "65"]
[WhiteFideId "16240219"]
[BlackFideId "16233719"]
[EventCountry "GER"]
[EventRounds "9"]
[EventType "swiss"]
[EventDate "2024.05.18"]

1. c4 {[%clk 01:30:57]} e6 {[%clk 01:30:57]} {[%emt 00:00:07]} 2. e3 {[%clk
01:31:17]} {[%emt 00:00:19]} d5 {[%clk 01:31:22]} {[%emt 00:00:10]} 3. Nf3
{[%clk 01:31:42]} {[%emt 00:00:06]} Nf6 {[%clk 01:31:38]} {[%emt 00:00:08]} 4.
Be2 {[%clk 01:31:32]} {[%emt 00:00:36]} Nbd7 {[%clk 01:32:01]} {[%emt
00:00:08]} 5. O-O {[%clk 01:31:52]} {[%emt 00:00:03]} Bd6 {[%clk 01:32:16]}
{[%emt 00:00:12]} 6. d4 {[%clk 01:30:45]} {[%emt 00:01:37]} b6 {[%clk
01:32:39]} {[%emt 00:00:07]} 7. Nc3 {[%clk 01:30:11]} {[%emt 00:01:04]} a6
{[%clk 01:31:54]} {[%emt 00:01:14]} 8. a3 {[%clk 01:24:28]} {[%emt 00:06:13]}
Bb7 {[%clk 01:18:35]} {[%emt 00:13:49]} 9. b4 {[%emt 00:01:29]} dxc4 {[%clk
01:12:28]} {[%emt 00:06:36]} 10. Bxc4 {[%clk 01:21:36]} {[%emt 00:02:24]} O-O
{[%clk 01:12:41]} {[%emt 00:00:17]} 11. Bb2 {[%clk 01:19:59]} {[%emt 00:02:07]}
Nd5 {[%clk 01:05:42]} {[%emt 00:07:29]} 12. Re1 {[%clk 01:15:21]} {[%emt
00:05:08]} N7f6 {[%clk 01:04:53]} {[%emt 00:01:20]} 13. Bd3 {[%clk 01:12:51]}
{[%emt 00:03:00]} Nxc3 {[%clk 00:59:13]} {[%emt 00:06:10]} 14. Bxc3 {[%clk
01:12:30]} {[%emt 00:00:50]} c5 {[%clk 00:59:32]} {[%emt 00:00:11]} 15. e4
{[%clk 01:09:00]} {[%emt 00:04:01]} cxd4 {[%clk 00:35:37]} {[%emt 00:24:25]}
16. Bxd4 {[%clk 01:03:25]} {[%emt 00:06:04]} e5 {[%clk 00:35:30]} {[%emt
00:00:37]} 17. Bxe5 {[%clk 00:51:50]} {[%emt 00:12:05]} Bxe5 {[%clk 00:34:27]}
{[%emt 00:01:33]} 18. Nxe5 {[%clk 00:52:09]} {[%emt 00:00:10]} Re8 {[%clk
00:34:15]} {[%emt 00:00:43]} 19. f4 {[%clk 00:48:32]} {[%emt 00:04:07]} Qd4+
{[%clk 00:30:07]} {[%emt 00:04:39]} 20. Kh1 {[%clk 00:48:12]} {[%emt 00:00:49]}
Nxe4 {[%clk 00:18:38]} {[%emt 00:11:59]} 21. Bxe4 {[%clk 00:47:03]} {[%emt
00:01:39]} Qxd1 {[%clk 00:19:03]} {[%emt 00:00:05]} 22. Raxd1 {[%clk 00:46:01]}
{[%emt 00:01:31]} Bxe4 {[%clk 00:19:28]} {[%emt 00:00:06]} 23. Rxe4 {[%clk
00:46:21]} {[%emt 00:00:10]} f6 {[%clk 00:19:55]} {[%emt 00:00:04]} 24. Rd6
{[%clk 00:44:56]} {[%emt 00:01:55]} fxe5 {[%clk 00:20:13]} {[%emt 00:00:12]}
25. fxe5 {[%clk 00:44:32]} {[%emt 00:00:53]} Rad8 {[%clk 00:20:02]} {[%emt
00:00:41]} 26. Rxd8 {[%clk 00:40:55]} {[%emt 00:04:07]} Rxd8 {[%clk 00:20:28]}
{[%emt 00:00:05]} 27. Kg1 {[%clk 00:40:56]} {[%emt 00:00:28]} Rd3 {[%clk
00:20:32]} {[%emt 00:00:27]} 28. Kf2 {[%clk 00:38:03]} {[%emt 00:03:22]} Rxa3
{[%clk 00:20:55]} {[%emt 00:00:08]} 29. Rf4 {[%clk 00:37:03]} {[%emt 00:01:29]}
Rc3 {[%clk 00:19:28]} {[%emt 00:01:57]} 30. Ke2 {[%clk 00:34:51]} {[%emt
00:02:42]} a5 {[%clk 00:17:14]} {[%emt 00:02:44]} 31. Kd2 {[%clk 00:29:39]}
{[%emt 00:05:41]} axb4 {[%clk 00:14:11]} {[%emt 00:03:34]} 32. Rxb4 {[%clk
00:28:41]} {[%emt 00:01:28]} Rc5 {[%clk 00:14:14]} {[%emt 00:00:27]} 33. Rxb6
{[%clk 00:26:09]} {[%emt 00:03:02]} 1/2-1/2

[Event "ODJM A 2024"]
[Site "Willingen GER"]
[Date "2024.05.23"]
[Round "7"]
[White "Andrade, Ruben"]
[Black "Berelowitsch, Dana"]
[Result "1/2-1/2"]
[Termination "normal"]
[Board "34"]
[WhiteElo "1968"]
[BlackElo "1906"]
[WhiteClock "00:02:31"]
[BlackClock "00:07:55"]
[PlyCount "77"]
[WhiteFideId "16246829"]
[BlackFideId "12977144"]
[EventCountry "GER"]
[EventRounds "9"]
[EventType "swiss"]
[EventDate "2024.05.18"]

1. e4 {[%clk 01:30:57]} {[%emt 00:00:02]} c5 {[%clk 01:30:55]} {[%emt
00:00:12]} 2. Nf3 {[%clk 01:31:23]} {[%emt 00:00:09]} Nc6 {[%clk 01:31:12]}
{[%emt 00:00:23]} 3. d4 {[%clk 01:31:47]} {[%emt 00:00:03]} cxd4 {[%clk
01:31:35]} {[%emt 00:00:04]} 4. Nxd4 {[%clk 01:32:13]} {[%emt 00:00:06]} g6
{[%clk 01:31:59]} {[%emt 00:00:07]} 5. c4 {[%clk 01:31:51]} {[%emt 00:00:34]}
Bg7 {[%clk 01:32:14]} {[%emt 00:00:14]} 6. Be3 {[%clk 01:32:15]} {[%emt
00:00:06]} Nf6 {[%clk 01:32:17]} {[%emt 00:00:27]} 7. Nc3 {[%clk 01:32:39]}
{[%emt 00:00:05]} d6 {[%clk 01:32:01]} {[%emt 00:00:47]} 8. Be2 {[%clk
01:32:26]} {[%emt 00:00:43]} O-O {[%clk 01:32:00]} {[%emt 00:00:31]} 9. O-O
{[%clk 01:31:47]} {[%emt 00:01:08]} Bd7 {[%clk 01:32:06]} {[%emt 00:00:25]} 10.
Qd2 {[%clk 01:26:22]} {[%emt 00:05:55]} Nxd4 {[%clk 01:31:07]} {[%emt
00:01:29]} 11. Bxd4 {[%clk 01:26:46]} {[%emt 00:00:06]} Bc6 {[%clk 01:31:23]}
{[%emt 00:00:15]} 12. f3 {[%clk 01:25:47]} {[%emt 00:01:28]} a5 {[%clk
01:29:07]} {[%emt 00:02:47]} 13. b3 {[%clk 01:15:07]} {[%emt 00:11:09]} Nd7
{[%clk 01:15:13]} {[%emt 00:14:25]} 14. Bxg7 {[%clk 01:02:22]} {[%emt
00:13:14]} Kxg7 {[%clk 01:15:26]} {[%emt 00:00:18]} 15. Qd4+ {[%clk 01:02:44]}
{[%emt 00:00:07]} Kg8 {[%clk 01:15:07]} {[%emt 00:00:50]} 16. f4 {[%clk
00:59:20]} {[%emt 00:03:53]} Qc7 {[%clk 01:07:33]} {[%emt 00:08:05]} 17. Bf3
{[%clk 00:53:58]} {[%emt 00:05:52]} e5 {[%clk 01:01:13]} {[%emt 00:06:51]} 18.
Qd2 {[%clk 00:50:53]} {[%emt 00:03:35]} f5 {[%clk 00:49:22]} {[%emt 00:12:22]}
19. exf5 {[%clk 00:38:04]} {[%emt 00:13:18]} Bxf3 {[%clk 00:43:37]} {[%emt
00:06:16]} 20. Rxf3 {[%clk 00:38:27]} {[%emt 00:00:06]} Rxf5 {[%clk 00:42:47]}
{[%emt 00:01:20]} 21. Kh1 {[%clk 00:28:54]} {[%emt 00:10:02]} Raf8 {[%clk
00:38:32]} {[%emt 00:04:46]} 22. Nb5 {[%clk 00:26:25]} {[%emt 00:02:59]} Qc6
{[%clk 00:35:35]} {[%emt 00:03:28]} 23. Qxd6 {[%clk 00:24:51]} {[%emt
00:02:04]} Rxf4 {[%clk 00:33:03]} {[%emt 00:03:01]} 24. Rxf4 {[%clk 00:24:35]}
{[%emt 00:00:47]} Rxf4 {[%clk 00:26:39]} {[%emt 00:06:54]} 25. Qxc6 {[%clk
00:23:05]} {[%emt 00:01:59]} bxc6 {[%clk 00:27:01]} {[%emt 00:00:08]} 26. Nc3
{[%clk 00:22:40]} {[%emt 00:00:55]} Kf7 {[%clk 00:22:29]} {[%emt 00:05:03]} 27.
Kg1 {[%clk 00:22:53]} {[%emt 00:00:16]} Ke6 {[%clk 00:22:09]} {[%emt 00:00:51]}
28. Rf1 {[%clk 00:15:54]} {[%emt 00:07:28]} Kf5 {[%clk 00:17:03]} {[%emt
00:05:36]} 29. g3 {[%clk 00:13:15]} {[%emt 00:03:10]} Rxf1+ {[%clk 00:17:22]}
{[%emt 00:00:11]} 30. Kxf1 {[%clk 00:13:43]} {[%emt 00:00:02]} Nc5 {[%clk
00:15:36]} {[%emt 00:02:17]} 31. Kg2 {[%clk 00:10:47]} {[%emt 00:03:25]} e4
{[%clk 00:08:38]} {[%emt 00:07:29]} 32. Ne2 {[%clk 00:08:55]} {[%emt 00:02:21]}
Ke5 {[%clk 00:08:54]} {[%emt 00:00:15]} 33. Kf2 {[%clk 00:08:02]} {[%emt
00:01:22]} Nd3+ {[%clk 00:08:43]} {[%emt 00:00:41]} 34. Ke3 {[%clk 00:08:26]}
{[%emt 00:00:05]} Nb4 {[%clk 00:08:00]} {[%emt 00:01:15]} 35. Nc3 {[%clk
00:08:35]} {[%emt 00:00:20]} Nc2+ {[%clk 00:07:39]} {[%emt 00:00:52]} 36. Kd2
{[%clk 00:08:57]} {[%emt 00:00:07]} Nd4 {[%clk 00:07:18]} {[%emt 00:00:50]} 37.
Ke3 {[%clk 00:02:56]} {[%emt 00:06:32]} Nc2+ {[%clk 00:07:34]} {[%emt
00:00:15]} 38. Kd2 {[%clk 00:03:20]} {[%emt 00:00:05]} Nd4 {[%clk 00:07:55]}
{[%emt 00:00:09]} 39. Ke3 {[%clk 00:02:31]} {[%emt 00:01:19]} 1/2-1/2